000
00286nam a22001337a 4500
008
181105b xxu||||| |||| 00| 0 eng d
020
_a
3820902
041
_a
eng
080
_a
941
100
_a
17
101
_a
HIS
245
_a
Kings Barons & Serfs
_c
Unstead, R.J
942
_2
udc
_c
BK
999
_c
51900
_d
51900